| 000 | 00503nam a2200193Ia 4500 | ||
|---|---|---|---|
| 003 | OSt | ||
| 005 | 20230608153806.0 | ||
| 008 | 210423s2004 xx 000 0 und d | ||
| 040 | _cAL | ||
| 082 |
_a307.1772 SAHT _223 |
||
| 100 |
_aSAH (D C);SISODIA (Y S) _9122789 |
||
| 245 | _aTribal issues in india | ||
| 260 |
_aJaipur _bRawat Publications _c2004 |
||
| 365 |
_b650 _cINR |
||
| 650 |
_aCommunities _9122790 |
||
| 650 |
_aSociology _9122791 |
||
| 906 | _aindia ; issues ; Tribal | ||
| 942 |
_2ddc _cBK |
||
| 999 |
_c174059 _d174059 |
||